| 000 | 00872nam a22002897a 4500 | ||
|---|---|---|---|
| 005 | 20251211093422.0 | ||
| 008 | 150508b xxu||||| |||| 00| 0 spa d | ||
| 020 | _a9789968461306 | ||
| 041 | _aESP | ||
| 082 | _a658.562 ST865e | ||
| 100 |
_aStockmann, Reinhard _937490 |
||
| 245 | _aEvaluación y desarrollo de la calidad: bases para una administración de la calidad orientada hacia impactos | ||
| 260 | _aCosta Rica | ||
| 260 | _bEUCR | ||
| 260 | _c2009 | ||
| 300 | _a434 páginas | ||
| 490 | _aDirección y Administración de Empresas | ||
| 650 | _aCONTROL DE CALIDAD | ||
| 650 | _aCALIDAD TOTAL EN ADMINISTRACIÓN | ||
| 650 | _aSERVICIO AL CLIENTE | ||
| 650 | _aMODELO ISO | ||
| 650 | _aMODELO EFQM | ||
| 650 | _aEVALUACIÓN | ||
| 650 | _aMETODOLOGÍA Y FORMA DE USO DE LA EVALUACIÓN | ||
| 650 | _aORGANIZACIONES SIN LUCRO | ||
| 942 |
_cBK _2ddc |
||
| 999 |
_c5261 _d5261 |
||